000
00272nam a22001217a 4500
003
SGT
082
_a
616.07
_b
H89S
100
_a
SOOD, RAMNIK
245
_a
HEMATOLOGY FOR STUDENTS & PRACTITIONERS
260
_a
INDIA
_b
JAYPEE PUB
_c
1989
300
_a
330
942
_2
ddc
_c
BK
999
_c
18449
_d
18449